00190 a2200097 4500245002200000100001700022700002000039260000900059300001500068035000900083 aElectrothérapie aDumoulin, J. aDe Bisoshop, G. c1966 aVII-578 p. a7615